|
|
|
|
| LEADER |
00000nas a2200000 a 4500 |
| 001 |
ssj0008642 |
| 003 |
WaSeSS |
| 005 |
20200512172242.0 |
| 006 |
m d |
| 007 |
cr n |
| 008 |
050614c19549999nyuqr pss 0 a0eng c |
| 010 |
|
|
|a 2008213238
|
| 016 |
7 |
|
|a 100967488
|2 DNLM
|
| 016 |
7 |
|
|a 007171507
|2 Uk
|
| 016 |
7 |
|
|a 2066230 0
|2 DE-600
|
| 022 |
|
|
|a 1946-0910
|l 0012-3846
|y 0012-3846
|
| 035 |
|
|
|a (WaSeSS)ssj0008642
|
| 040 |
|
|
|a OCLCS
|b eng
|c OCLCS
|d NSD
|d OCLCQ
|d VRC
|d OCLCQ
|d OCLCF
|d OCLCO
|d OCLCQ
|d COD
|d AMH
|d VT2
|d DYJ
|d UAB
|d Z5A
|d FIE
|d OCLCE
|d AU@
|d UKMGB
|d CUY
|d GILDS
|d OCLCO
|d U3W
|d WYU
|d UHL
|d OCLCQ
|d WaSeSS
|
| 042 |
|
|
|a pcc
|a nsdp
|a dlr
|
| 050 |
|
4 |
|a HX1
|b .D58
|
| 082 |
1 |
0 |
|a 335.05
|2 14
|
| 082 |
0 |
4 |
|a 335.05
|
| 222 |
|
0 |
|a Dissent
|b (Online)
|
| 245 |
0 |
0 |
|a Dissent
|h [electronic resource].
|
| 260 |
|
|
|a [New York] :
|b [Dissent Pub. Corp.]
|
| 310 |
|
|
|a Quarterly
|
| 362 |
1 |
|
|a Print began with v. 1 in winter 1954.
|
| 500 |
|
|
|a Free online journal. No access restrictions.
|
| 506 |
|
|
|a License restrictions may limit access.
|
| 515 |
|
|
|a <Vol. 64, no. 1-> called also <whole no. 266->
|
| 538 |
|
|
|a Master and use copy. Digital master created according to Benchmark for Faithful Digital Reproductions of Monographs and Serials, Version 1. Digital Library Federation, December 2002.
|u http://purl.oclc.org/DLF/benchrepro0212
|5 MiAaHDL
|
| 550 |
|
|
|a Issued by: Foundation for the Study of Independent Social Ideas, <1991->
|
| 555 |
|
|
|a Vols. 1-2, 1954-55, with v. 2; Vols. 3-4, 1956-57, in v. 5, no. 1; Vols. 5-6, 1958-59, with v. 6; Vols. 7-8, 1960-61, in v. 9, no. 1; Vols. 9-10, 1962-63, with v. 11; Vols. 11-12, 1964-65, with v. 12; Vols. 17-18, 1970-71, with v. 19.
|
| 588 |
|
|
|a Description based on: Winter 2001; title from banner (Dissent Magazine website, viewed Jan. 5, 2009).
|
| 588 |
|
|
|a Latest issue consulted: Vol. 64, no. 1 (winter 2017) (viewed Jan. 27, 2017).
|
| 650 |
|
0 |
|a Socialism
|v Periodicals.
|
| 650 |
|
0 |
|a Social problems
|v Periodicals.
|
| 650 |
|
7 |
|a Social problems.
|2 fast
|0 (OCoLC)fst01122778
|
| 650 |
|
7 |
|a Socialism.
|2 fast
|0 (OCoLC)fst01123637
|
| 650 |
1 |
7 |
|a Socialisme.
|2 gtt
|
| 650 |
|
6 |
|a Socialisme
|v Périodiques.
|
| 650 |
|
6 |
|a Problèmes sociaux
|v Périodiques.
|
| 650 |
|
7 |
|a Problèmes sociaux.
|2 rasuqam
|
| 650 |
|
7 |
|a Socialisme.
|2 rasuqam
|
| 650 |
|
7 |
|a Société
|2 rasuqam
|
| 650 |
|
7 |
|a Mouvement social.
|2 rasuqam
|
| 655 |
|
0 |
|a Electronic journals.
|
| 710 |
2 |
|
|a Foundation for the Independent Study of Social Ideas.
|
| 776 |
0 |
8 |
|i Print version:
|t Dissent
|x 0012-3846
|w (DLC) 57002963
|w (OCoLC)935678
|
| 856 |
4 |
0 |
|z Full text available from Research Library: 10/01/1996 to 10/31/2015
|u https://search.proquest.com/publication/41595
|